Výber zo spisov /

Hlavní autor: Luther, Martin, 1483-1546
Další autoři: Michalko, Ján, 1912-1990, Koštial, Rudolf, 1913-1991
Jazyk: Slovenština
Vydáno: Bratislava : Cirkevné nakladateľstvo, 1983
Témata:
Fyzický popis: 225 s.
Knihy
Uloženo v:
LEADER 00891nam a22002412a 4500
001 000368046
003 CZ BrMZK
005 20100623140340.0
007 ta
008 980105s1983 xo f slo d
040 |a BOA001  |b cze 
080 |a 284.1(430)"15":92 Luther, Martin (081)  |2 MRF 
100 1 |a Luther, Martin,  |d 1483-1546  |7 jn19990005235  |4 aut 
245 1 0 |a Výber zo spisov /  |c Martin Luther ; zostavil Ján Michalko, Rudolf Koštial 
260 |a Bratislava :  |b Cirkevné nakladateľstvo,  |c 1983 
300 |a 225 s. 
550 |a Vydavatel: Tranoscius, Lipt. Mikuláš. 
700 1 |a Michalko, Ján,  |d 1912-1990  |7 jx20040726051  |4 com 
700 1 |a Koštial, Rudolf,  |d 1913-1991  |7 ola2002151523  |4 com 
910 |a BOA001  |b 2-0870.268 
964 |a Teologie evangelická - výběry 
990 |a BK 
996 7 |b 2619826295  |c 2-0870.268  |l MZK  |r Sklad / do 1 hodiny  |n 13  |w 000368046  |u 000010  |a 1  |e BOA001  |j MZK50  |s A